| 000 | 00818nam a22001817a 4500 | ||
|---|---|---|---|
| 999 |
_c15079 _d15079 |
||
| 003 | OSt | ||
| 082 | _2631.56 JAM/DE | ||
| 088 | _aP 79 | ||
| 100 |
_aJAMES P. GEORGE _aMUNEER K _aSHARMILA MATHEW _93808 |
||
| 245 | _aDevelopment and testing of a cleaner cum grader for black pepper | ||
| 260 |
_aTavanur 1998 _bDepartment of Post Harvest Technology& Agricultural Processing |
||
| 300 | _a45 | ||
| 500 | _aDevelopment and testing of a cleaner cum grader for black pepper | ||
| 520 | _athe cleaning and grading operations of black pepper are now concentrated at the wholesalers and the exporters level and are carried out through highly sophisticated vibrators and separators. | ||
| 700 |
_aEr. Prince M. V (Guide) _93375 |
||
| 856 | _uhttps://drive.google.com/open?id=1BxSMM4swToex6fqI122bABLiIg_GOUGN | ||
| 942 | _cPR | ||